Detalles MARC
| 000 -CABECERA |
| campo de control de longitud fija |
01102cam a2200313 a 4500 |
| 001 - NÚMERO DE CONTROL |
| campo de control |
000018448 |
| 005 - FECHA Y HORA DE LA ÚLTIMA TRANSACCIÓN |
| campo de control |
20200929165817.0 |
| 008 - DATOS DE LONGITUD FIJA--INFORMACIÓN GENERAL |
| campo de control de longitud fija |
801110s1980 nyu 000 f eng d |
| 020 ## - NÚMERO INTERNACIONAL ESTÁNDAR DEL LIBRO |
| Número Internacional Estándar del Libro |
02930001904615 |
| 040 ## - FUENTE DE LA CATALOGACIÓN |
| Centro catalogador/agencia de origen |
DO-SdBNP |
| Lengua de catalogación |
eng |
| Centro/agencia transcriptor |
LC |
| Centro/agencia modificador |
BNPHU |
| 041 17 - CÓDIGO DE LENGUA |
| Código de lengua del texto/banda sonora o título independiente |
eng |
| Código de lengua original |
jpn |
| Fuente del código |
Código de idioma MARC |
| 082 ## - NÚMERO DE LA CLASIFICACIÓN DECIMAL DEWEY |
| Número de clasificación |
895.6 |
| Número de documento/Ítem |
K22y |
| 049 ## - FONDOS LOCALES (OCLC) |
| Fondos de biblioteca |
BNGR |
| 100 1# - ENTRADA PRINCIPAL--NOMBRE DE PERSONA |
| Nombre de persona |
Kawabata, Yasunari, |
| Fechas asociadas al nombre |
1899-1972. |
| 9 (RLIN) |
39926 |
| 240 10 - TÍTULO UNIFORME |
| Título uniforme |
Yukiguni. |
| Lenguaje de la obra |
Inglés |
| 245 10 - MENCIÓN DE TÍTULO |
| Título |
Snow country / |
| Mención de responsabilidad, etc. |
Yasunari Kawabata ; traducción e introducción Edward G. Seidensticker. |
| 260 ## - PUBLICACIÓN, DISTRIBUCIÓN, ETC. |
| Lugar de publicación, distribución, etc. |
New York, N.Y. : |
| Nombre del editor, distribuidor, etc. |
Charles E. Tuttle Company, |
| Fecha de publicación, distribución, etc. |
1980. |
| 300 ## - DESCRIPCIÓN FÍSICA |
| Extensión |
x, 175 p. ; |
| Dimensiones |
19 cm. |
| 490 1# - MENCIÓN DE SERIE |
| Mención de serie |
Contemporary Works |
| -- |
Unesco |
| 534 ## - NOTA SOBRE LA VERSIÓN ORIGINAL |
| Encabezamiento principal del original |
Originally Published : |
| Mención de título del original |
Yukiguni |
| 500 ## - NOTA GENERAL |
| Nota general |
Translation of Yukiguni. |
| 500 ## - NOTA GENERAL |
| Nota general |
Originally published by Knopf, New York. |
| 586 ## - NOTA DE PREMIOS |
| Nota de premios |
"Ganador del premio Nóbel". |
| 650 #4 - PUNTO DE ACCESO ADICIONAL DE MATERIA--TÉRMINO DE MATERIA |
| Término de materia o nombre geográfico como elemento de entrada |
Novela japonesa |
| 9 (RLIN) |
4300 |
| 650 #4 - PUNTO DE ACCESO ADICIONAL DE MATERIA--TÉRMINO DE MATERIA |
| Término de materia o nombre geográfico como elemento de entrada |
Literatura japonesa |
| Subdivisión cronológica |
SIGLO XX |
| 9 (RLIN) |
39927 |
| 700 1# - PUNTO DE ACCESO ADICIONAL--NOMBRE DE PERSONA |
| Nombre de persona |
Seidensticker, Edward G., |
| Término indicativo de función/relación |
tr. |
| 9 (RLIN) |
39928 |
| 830 #0 - PUNTO DE ACCESO ADICIONAL DE SERIE-TÍTULO UNIFORME |
| Título uniforme |
Contemporary Works |
| Nombre de parte o sección de la obra |
Unesco |
| 9 (RLIN) |
39929 |
| 910 ## - DATOS DE OPCIÓN DEL USUARIO (OCLC) |
| Datos de opción del usuario |
Catalogación derivada / LC |